[Event "Lisbon Portugal op"]
[Site "Lisbon"]
[Date "2020.01.25"]
[Round "1"]
[White "Ferreira, Miguel Limao"]
[Black "Borges, Guilherme Deola"]
[Result "0-1"]
[WhiteElo "1530"]
[BlackElo "2134"]
[PlyCount "114"]
[EventDate "2020.01.25"]
[EventType "swiss"]
[EventRounds "9"]
[EventCountry "POR"]
[SourceTitle "EXT 2021"]
[Source "ChessBase"]
[SourceDate "2020.10.23"]
[SourceVersion "1"]
[SourceVersionDate "2020.10.23"]
[SourceQuality "1"]

1. e4 c5 2. Nf3 e6 3. d4 cxd4 4. Nxd4 a6 5. Nc3 Qc7 6. Be2 Nf6 7. a3 b5 8. Bd2 Bb7 9. f3 Bc5 10. Nb3 Ba7 11. Bd3 d5 12. exd5 Nxd5 13. Qe2 Nd7 14. Nxd5 Bxd5 15. Be3 0-0 16. Bxa7 Qxa7 17. Nd2 Nc5 18. Be4 Nxe4 19. Nxe4 Qd4 20. Nc3 b4 21. Rd1 Qh4+ 22. g3 Qf6 23. Nxd5 exd5 24. Kf2 Qxb2 25. axb4 Rac8 26. Rd2 Qxb4 27. Rxd5 Rfe8 28. Qd3 Qb2 29. Rd1 Rxc2+ 30. Rd2 Rxd2+ 31. Qxd2 Qxd2+ 32. Rxd2 a5 33. Rd4 Kf8 34. f4 Ra8 35. Ra4 h5 36. Ke3 Ke7 37. Ke4 Kd6 38. Kd4 Kc6 39. Kc4 g6 40. h3 Ra7 41. g4 h4 42. Ra3 a4 43. Kb4 Kd5 44. Kb5 Rb7+ 45. Ka5 Rb3 46. Rxa4 Rxh3 47. Rb4 Rf3 48. Rb5+ Ke4 49. Rb4+ Ke3 50. f5 gxf5 51. g5 h3 52. Rh4 Kf2 53. Rh7 Kg2 54. Rxf7 h2 55. g6 h1Q 56. g7 Qe1+ 57. Kb5 Qe8+ 0-1

[Event "Hamburg Engelbert Memorial-B"]
[Site "Hamburg"]
[Date "2019.10.10"]
[Round "8"]
[White "Langrock, Hannes"]
[Black "Borges, Guilherme Deola"]
[Result "1-0"]
[WhiteElo "2359"]
[BlackElo "2154"]
[PlyCount "71"]
[EventDate "2019.10.04"]
[EventType "tourn"]
[EventRounds "9"]
[EventCountry "GER"]
[EventCategory "3"]
[SourceTitle "EXT 2020"]
[Source "ChessBase"]
[SourceDate "2019.10.17"]
[SourceVersion "1"]
[SourceVersionDate "2019.10.17"]
[SourceQuality "1"]

1. d4 Nf6 2. c4 g6 3. g3 Bg7 4. Bg2 0-0 5. Nc3 d6 6. Nf3 Nbd7 7. 0-0 e5 8. e4 a6 9. Qc2 Re8 10. Rd1 exd4 11. Nxd4 Ng4 12. h3 Nge5 13. b3 c5 14. Nde2 Nf8 15. Be3 Ne6 16. Rd2 Nc6 17. Rad1 Ned4 18. Nxd4 cxd4 19. Bxd4 Nxd4 20. Rxd4 Bxd4 21. Rxd4 Be6 22. Qd2 Qa5 23. Rxd6 f6 24. e5 fxe5 25. Bxb7 Rad8 26. Rxd8 Rxd8 27. Qe3 Rd4 28. Kh2 Bf7 29. Bg2 Qc5 30. Nd5 Qd6 31. f4 Bxd5 32. fxe5 Qc5 33. cxd5 Qb4 34. e6 Qd2 35. Qf3 Kg7 36. e7 1-0

[Event "Hamburg Engelbert Memorial-B"]
[Site "Hamburg"]
[Date "2019.10.09"]
[Round "7"]
[White "Borges, Guilherme Deola"]
[Black "Lanka, Zigurds"]
[Result "0-1"]
[WhiteElo "2154"]
[BlackElo "2386"]
[PlyCount "70"]
[EventDate "2019.10.04"]
[EventType "tourn"]
[EventRounds "9"]
[EventCountry "GER"]
[EventCategory "3"]
[SourceTitle "EXT 2020"]
[Source "ChessBase"]
[SourceDate "2019.10.17"]
[SourceVersion "1"]
[SourceVersionDate "2019.10.17"]
[SourceQuality "1"]

1. d4 Nf6 2. c4 e6 3. Nc3 Bb4 4. e3 b6 5. Nge2 c5 6. a3 Ba5 7. Rb1 Na6 8. g3 Bb7 9. d5 b5 10. Bg2 bxc4 11. 0-0 0-0 12. e4 exd5 13. Nxd5 Nc7 14. Nxf6+ Qxf6 15. e5 Qa6 16. Bxb7 Qxb7 17. Be3 Ne6 18. Qa4 Bc7 19. Qxd7 Qe4 20. Rfc1 Bxe5 21. Qa4 Rfd8 22. b3 Nd4 23. Nxd4 cxd4 24. Qxc4 h5 25. Bg5 Re8 26. Re1 Qg6 27. h4 Kh7 28. Kg2 Rac8 29. Qd5 f6 30. Bd2 Rc2 31. Rbd1 Bxg3 32. Rxe8 Be5+ 33. Kh1 Qxe8 34. f4 Bc7 35. Qxd4 Qe2 0-1

[Event "Badalona op 45th"]
[Site "Badalona"]
[Date "2019.08.04"]
[Round "3"]
[White "Munoz Monroy, Cinthya Carolina"]
[Black "Borges, Guilherme Deola"]
[Result "1-0"]
[WhiteElo "1962"]
[BlackElo "2176"]
[PlyCount "55"]
[EventDate "2019.08.02"]
[EventType "swiss"]
[EventRounds "9"]
[EventCountry "ESP"]
[SourceTitle "EXT 2021"]
[Source "ChessBase"]
[SourceDate "2020.10.23"]
[SourceVersion "1"]
[SourceVersionDate "2020.10.23"]
[SourceQuality "1"]

1. e4 c6 2. d4 d5 3. Nc3 dxe4 4. Nxe4 Bf5 5. Ng3 Bg6 6. h4 h6 7. f4 e6 8. h5 Bh7 9. Nf3 Nd7 10. Bd3 Bxd3 11. Qxd3 Qc7 12. Bd2 0-0-0 13. 0-0-0 c5 14. Ne5 Nxe5 15. fxe5 cxd4 16. Rhf1 f5 17. Nxf5 exf5 18. Qxf5+ Qd7 19. e6 Qe7 20. Bb4 Qg5+ 21. Qxg5 hxg5 22. Rxf8 Nf6 23. e7 Re8 24. Rxd4 Nd7 25. Rc4+ Kb8 26. Bd6+ Ka8 27. Rxh8 Rxh8 28. Rc7 1-0